<?xml version="1.0" encoding="UTF-8"?>
<record
    xmlns:xsi="http://www.w3.org/2001/XMLSchema-instance"
    xsi:schemaLocation="http://www.loc.gov/MARC21/slim http://www.loc.gov/standards/marcxml/schema/MARC21slim.xsd"
    xmlns="http://www.loc.gov/MARC21/slim">

  <leader>03042nam a2200373 u 4500</leader>
  <controlfield tag="001">1107254</controlfield>
  <controlfield tag="005">20260507085413.0</controlfield>
  <controlfield tag="007">co|||||||</controlfield>
  <controlfield tag="008">081003s2008                        spa  </controlfield>
  <datafield tag="035" ind1=" " ind2=" ">
    <subfield code="a">1107254</subfield>
  </datafield>
  <datafield tag="040" ind1=" " ind2=" ">
    <subfield code="c">comduadb</subfield>
  </datafield>
  <datafield tag="041" ind1=" " ind2=" ">
    <subfield code="a">spa</subfield>
  </datafield>
  <datafield tag="080" ind1=" " ind2=" ">
    <subfield code="a">T/CD</subfield>
  </datafield>
  <datafield tag="082" ind1=" " ind2="4">
    <subfield code="a">155</subfield>
  </datafield>
  <datafield tag="100" ind1="1" ind2="0">
    <subfield code="a">Jaramillo Molina, Paula Andrea</subfield>
    <subfield code="4">aut</subfield>
    <subfield code="e">aut</subfield>
    <subfield code="9">553817</subfield>
  </datafield>
  <datafield tag="245" ind1="1" ind2="0">
    <subfield code="a">Personalidad y distorsiones cognitivas presentes en personas fumadoras diagnosticadas y no diagnosticadas con cancer de pulmon</subfield>
  </datafield>
  <datafield tag="260" ind1=" " ind2=" ">
    <subfield code="a">Medell&#xED;n :</subfield>
    <subfield code="b">[sin publicador],</subfield>
    <subfield code="c">2008.</subfield>
  </datafield>
  <datafield tag="300" ind1=" " ind2=" ">
    <subfield code="a">1 CD-ROM</subfield>
  </datafield>
  <datafield tag="520" ind1="3" ind2=" ">
    <subfield code="a">El prop&#xF3;sito de esta investigaci&#xF3;n es describir las caracter&#xED;sticas de personalidad y las distorsiones cognitivas, que seg&#xFA;n Beck, son los errores sistem&#xE1;ticos que se dan en el pensamiento, que se encuentran presentes en personas fumadoras diagnosticadas o no con c&#xE1;ncer de pulm&#xF3;n y a la vez observar la relaci&#xF3;n entre estas variables.
Para tal efecto se utilizaron pruebas psicom&#xE9;tricas como el Inventario de Pensamientos Autom&#xE1;ticos de Ruiz y Lujan, 1991 (IPA) cuyo objetivo es identificar los principales tipos de pensamientos autom&#xE1;ticos, esta prueba tiene como referente el modelo cognitivo de Beck y el Inventario Millon de Estilos de Personalidad (MIPS) cuyo objetivo es evaluar la personalidad de individuos adultos.  
Para este estudio se ubicaron 77 personas del departamento de Antioquia, que fueran consumidores de cigarrillo y con o sin diagn&#xF3;stico de c&#xE1;ncer de pulm&#xF3;n; que est&#xE1;n en el rango de edad establecido, es decir entre 16 y 80 a&#xF1;os, de cualquier genero, que posean un diagnostico cl&#xED;nico de c&#xE1;ncer de pulm&#xF3;n y que tengan una condici&#xF3;n de fumador. 
Con respecto a la aplicaci&#xF3;n del Inventario de Pensamientos Autom&#xE1;ticos observamos que se destaca la presencia de la distorsi&#xF3;n cognitiva "falacia de recompensa divina" tanto en el grupo con diagn&#xF3;stico de c&#xE1;ncer de pulm&#xF3;n como en el grupo sin diagn&#xF3;stico de c&#xE1;ncer de pulm&#xF3;n.
En la prueba de personalidad se destacaron las variables Apertura, Comunicatividad, Firmeza y Conformismo, las cuales se encuentran presentes en ambos grupos.
Dentro de los resultados se destaca que en los fumadores hay una tendencia a no tomar partido dentro de las situaciones, es decir, a dejar que todo pase sin hacer nada, ya que est&#xE1;n sujetos a un optimismo "m&#xE1;gico"  que los lleva a pensar que la recompensa vendr&#xE1; en el futuro.</subfield>
  </datafield>
  <datafield tag="650" ind1=" " ind2=" ">
    <subfield code="a">Pruebas psicom&#xE9;tricas</subfield>
    <subfield code="9">128547</subfield>
  </datafield>
  <datafield tag="650" ind1=" " ind2=" ">
    <subfield code="a">Modelos cognitivos</subfield>
    <subfield code="9">94445</subfield>
  </datafield>
  <datafield tag="650" ind1=" " ind2=" ">
    <subfield code="a">MIPS (Inventario de estilos de personalidad de Mill&#xF3;n)</subfield>
    <subfield code="9">108646</subfield>
  </datafield>
  <datafield tag="650" ind1=" " ind2=" ">
    <subfield code="a">Fumadores</subfield>
    <subfield code="9">127131</subfield>
  </datafield>
  <datafield tag="650" ind1=" " ind2=" ">
    <subfield code="a">Conformismo (Psicolog&#xED;a)</subfield>
    <subfield code="9">68887</subfield>
  </datafield>
  <datafield tag="650" ind1=" " ind2="7">
    <subfield code="a">H&#xE1;bito de fumar</subfield>
    <subfield code="2">lemb</subfield>
    <subfield code="9">19723</subfield>
  </datafield>
  <datafield tag="650" ind1=" " ind2="7">
    <subfield code="a">Psicolog&#xED;a cognitiva</subfield>
    <subfield code="2">dcs</subfield>
    <subfield code="9">312</subfield>
  </datafield>
  <datafield tag="650" ind1=" " ind2=" ">
    <subfield code="a">Neoplasias del pulm&#xF3;n</subfield>
    <subfield code="9">53740</subfield>
  </datafield>
  <datafield tag="650" ind1=" " ind2="7">
    <subfield code="a">Personalidad</subfield>
    <subfield code="2">lemb</subfield>
    <subfield code="9">550</subfield>
  </datafield>
  <datafield tag="700" ind1="1" ind2="0">
    <subfield code="a">Vasco Casta&#xF1;o, Laura Marcela</subfield>
    <subfield code="4">aut</subfield>
    <subfield code="e">aut</subfield>
    <subfield code="9">468262</subfield>
  </datafield>
  <datafield tag="700" ind1="1" ind2="0">
    <subfield code="a">Lopez Bustamante, Piedad Liliana</subfield>
    <subfield code="4">ths</subfield>
    <subfield code="e">ths</subfield>
    <subfield code="9">427447</subfield>
  </datafield>
  <datafield tag="942" ind1=" " ind2=" ">
    <subfield code="c">TESIS</subfield>
  </datafield>
  <datafield tag="999" ind1=" " ind2=" ">
    <subfield code="c">481391</subfield>
    <subfield code="d">481391</subfield>
  </datafield>
  <datafield tag="502" ind1=" " ind2=" ">
    <subfield code="b">105</subfield>
    <subfield code="c">12</subfield>
  </datafield>
  <datafield tag="526" ind1=" " ind2=" ">
    <subfield code="a">106</subfield>
  </datafield>
  <datafield tag="952" ind1=" " ind2=" ">
    <subfield code="0">0</subfield>
    <subfield code="1">0</subfield>
    <subfield code="4">0</subfield>
    <subfield code="7">0</subfield>
    <subfield code="8">TESDIGBC</subfield>
    <subfield code="a">BC</subfield>
    <subfield code="b">BC</subfield>
    <subfield code="d">2008-10-03</subfield>
    <subfield code="e">Material adquirido por donaci&#xF3;n</subfield>
    <subfield code="i">C1020046</subfield>
    <subfield code="l">0</subfield>
    <subfield code="o">155.2 J37 CD-ROM</subfield>
    <subfield code="p">0678819</subfield>
    <subfield code="r">2023-04-28 00:00:00</subfield>
    <subfield code="t">1</subfield>
    <subfield code="w">2023-04-28</subfield>
    <subfield code="y">DIGITAL</subfield>
  </datafield>
  <datafield tag="952" ind1=" " ind2=" ">
    <subfield code="0">0</subfield>
    <subfield code="1">0</subfield>
    <subfield code="4">0</subfield>
    <subfield code="7">0</subfield>
    <subfield code="8">DIGITAL</subfield>
    <subfield code="a">CISH</subfield>
    <subfield code="b">CISH</subfield>
    <subfield code="d">2008-10-27</subfield>
    <subfield code="i">C1022798</subfield>
    <subfield code="l">0</subfield>
    <subfield code="o">T/CD-06784</subfield>
    <subfield code="p">0622595</subfield>
    <subfield code="r">2023-04-28 00:00:00</subfield>
    <subfield code="t">2</subfield>
    <subfield code="w">2023-04-28</subfield>
    <subfield code="y">DIGITAL</subfield>
  </datafield>
</record>
